Man in the music : (Record no. 1405)
[ view plain ]
| 000 -LEADER | |
|---|---|
| fixed length control field | 01789cam a2200361 a 4500 |
| 005 - DATE AND TIME OF LATEST TRANSACTION | |
| control field | 20260322212059.0 |
| 008 - FIXED-LENGTH DATA ELEMENTS--GENERAL INFORMATION | |
| fixed length control field | data |
| 010 ## - LIBRARY OF CONGRESS CONTROL NUMBER | |
| LC control number | 2010051263 |
| 016 7# - NATIONAL BIBLIOGRAPHIC AGENCY CONTROL NUMBER | |
| Record control number | 015816872 |
| Source | Uk |
| 020 ## - INTERNATIONAL STANDARD BOOK NUMBER | |
| International Standard Book Number | 9781402779381 (hbk.) |
| 020 ## - INTERNATIONAL STANDARD BOOK NUMBER | |
| International Standard Book Number | 1402779380 (hbk.) |
| 020 ## - INTERNATIONAL STANDARD BOOK NUMBER | |
| International Standard Book Number | 1402779380 |
| 040 ## - CATALOGING SOURCE | |
| Original cataloging agency | DLC |
| Transcribing agency | DLC |
| Modifying agency | DLC |
| -- | IAD |
| -- | UKMGB |
| -- | AA5 |
| -- | YDXCP |
| -- | IK2 |
| -- | GPI |
| -- | FER |
| -- | OHRRH |
| -- | CDX |
| -- | ZAD |
| -- | VP@ |
| -- | BWX |
| -- | DEBBG |
| -- | DLC |
| 043 ## - GEOGRAPHIC AREA CODE | |
| Geographic area code | n-us--- |
| 050 00 - LIBRARY OF CONGRESS CALL NUMBER | |
| Classification number | ML420.J175 |
| Item number | V65 2011 |
| 082 00 - DEWEY DECIMAL CLASSIFICATION NUMBER | |
| Classification number | B |
| -- | B |
| Edition information | 22 |
| 084 ## - OTHER CLASSIFICATION NUMBER | |
| Classification number | 9,2 |
| Number source | ssgn |
| 099 ## - LOCAL FREE-TEXT CALL NUMBER (OCLC) | |
| Classification number | JACKSM |
| 001 - CONTROL NUMBER | |
| control field | data |
| 100 1# - MAIN ENTRY--PERSONAL NAME | |
| Personal name | Vogel, Joseph, |
| Dates associated with a name | 1981- |
| 245 10 - TITLE STATEMENT | |
| Title | Man in the music : |
| Remainder of title | the creative life and work of Michael Jackson / |
| Statement of responsibility, etc. | Joseph Vogel. |
| 246 30 - VARYING FORM OF TITLE | |
| Title proper/short title | Creative life and work of Michael Jackson |
| 260 ## - PUBLICATION, DISTRIBUTION, ETC. | |
| Place of publication, distribution, etc. | New York : |
| Name of publisher, distributor, etc. | Sterling, |
| Date of publication, distribution, etc. | c2011. |
| 300 ## - PHYSICAL DESCRIPTION | |
| Extent | xiii, 306 p. : |
| Other physical details | ill. (some col.) ; |
| Dimensions | 24 cm. |
| 504 ## - BIBLIOGRAPHY, ETC. NOTE | |
| Bibliography, etc. note | Includes bibliographical references (p. 270-294) and index. |
| 505 0# - FORMATTED CONTENTS NOTE | |
| Formatted contents note | Off the wall -- Thriller -- Bad -- Dangerous -- History : past, present, and future, book 1 -- Blood on the dance floor : history in the mix -- Invincible -- The final years -- Michael. |
| 520 ## - SUMMARY, ETC. | |
| Summary, etc. | Analyzes every song and album of Jackson's solo career, from 1979's groundbreaking "Off the Wall" to his yet-to-be released material, placing the music in its social, historical, and cultural context. |
| 600 10 - SUBJECT ADDED ENTRY--PERSONAL NAME | |
| Personal name | Jackson, Michael, |
| Dates associated with a name | 1958-2009 |
| General subdivision | Criticism and interpretation. |
| 650 #0 - SUBJECT ADDED ENTRY--TOPICAL TERM | |
| Topical term or geographic name entry element | Popular music |
| Geographic subdivision | United States |
| General subdivision | History and criticism. |
| 906 ## - LOCAL DATA ELEMENT F, LDF (RLIN) | |
| a | 7 |
| b | cbc |
| c | orignew |
| d | 1 |
| e | ecip |
| f | 20 |
| g | y-gencatlg |
| 925 0# - | |
| -- | acquire |
| -- | 2 shelf copies |
| -- | policy default |
| -- | claim1 2012-01-24 |
| 955 ## - COPY-LEVEL INFORMATION (RLIN) | |
| -- | vl31 2010-12-06 to Dewey |
| -- | rd03 2010-12-07 |
| -- | vk05 2012-02-02 MCIP ver. to Music Division 2 copies |
| -- | vk05 2012-02-02 MCIP ver. to Music Division 2 copies |
| Withdrawn status | Lost status | Damaged status | Not for loan | Home library | Current library | Shelving location | Date acquired | Total checkouts | Full call number | Barcode | Date last seen | Price effective from | Koha item type |
|---|---|---|---|---|---|---|---|---|---|---|---|---|---|
| Pleasant Valley | Pleasant Valley | General stacks | 22/03/2026 | 782.42166092 B 22 | BC0011452 | 22/03/2026 | 22/03/2026 | Books |